Нормален изглед
MARC изглед
- Гросман, Василий Семьонович
Вход 01. Лично име
001 - Контролен номер на записа
- Контролно поле: 302375
003 - Код на организацията, даваща контролен номер
- Контролно поле: BLK
005 - Дата и час на последна промяна на записа
- Контролно поле: 20180420225001.0
008 - Данни с фиксирана дължина – обща информация
- Данни с фиксирана дължина : 180420|| aca||aabn | a|a d
100 ## - ИМЕ НА ЛИЦЕ -ПЪРВИЧНА ИНТЕЛЕКТУАЛНА ОТГОВОРНОСТ
- Лично име: Гросман, Василий Семьонович
- Ключова дума за отношение: първи автор
- Друга информация: Гросман, Йосиф Соломонович
942 ## - Системна служебна употреба
- Koha auth type: PERSO_NAME